Memoria y balance general : ejercicio 1971. /
Guardado en:
| Autor Corporativo: | |
|---|---|
| Formato: | Libro |
| Idioma: | Spanish |
| Publicado: |
Buenos Aires,
1972.
|
| Etiquetas: |
Agregar Etiqueta
Sin Etiquetas, Sea el primero en etiquetar este registro!
|
| LEADER | 00485nam a22001455a 4500 | ||
|---|---|---|---|
| 001 | EUN.um013770 | ||
| 003 | AR-BaUNS | ||
| 005 | 20050623122856.0 | ||
| 008 | 041125s1972####ag#a##########000#0#spa#d | ||
| 245 | 1 | 0 | |a Memoria y balance general : |b ejercicio 1971. / |c Agua y energía eléctrica. |
| 260 | |a Buenos Aires, |c 1972. | ||
| 300 | |a 62 p. : |b ilus. ; |c 29,5 cm. | ||
| 082 | 0 | 4 | |a 338.39 |
| 110 | 2 | |a Agua y energía eléctrica |c Argentina. | |
| 859 | |a Ar-BaUNS |b BIB. CENTRAL - Sector C |h 338.39 |i Ar37 |p 67176/973 |v 1971 | ||
